|
|
|
|
| LEADER |
00000nam2a2200000 4500 |
| 001 |
227078 |
| 005 |
20231101230756.0 |
| 035 |
|
|
|a (RuTPU)RU\TPU\book\247476
|
| 035 |
|
|
|a RU\TPU\book\246114
|
| 090 |
|
|
|a 227078
|
| 100 |
|
|
|a 20121130d1990 k y0rusy50 ca
|
| 101 |
0 |
|
|a rus
|
| 102 |
|
|
|a RU
|
| 105 |
|
|
|a a z 001zy
|
| 200 |
0 |
|
|a Т. 4 : Комбинированные энергетические установки с паровыми и газовыми турбинами
|f Э. А. Манушин
|
| 210 |
|
|
|d 1990
|
| 215 |
|
|
|a 184 с.
|c ил.
|
| 320 |
|
|
|a Библиогр.: с. 168-177
|
| 461 |
|
1 |
|0 (RuTPU)RU\TPU\book\246114
|t Турбостроение
|f Академия наук СССР (АН СССР), Всесоюзный институт научной и технической информации (ВИНИТИ)
|v Т. 4 : Комбинированные энергетические установки с паровыми и газовыми турбинами
|d 1976-1990
|s Турбостроение
|
| 606 |
1 |
|
|a Паротурбостроение
|2 stltpush
|3 (RuTPU)RU\TPU\subj\48322
|9 67198
|
| 610 |
1 |
|
|a энергетические установки
|
| 610 |
1 |
|
|a паровые турбины
|
| 610 |
1 |
|
|a газовые турбины
|
| 610 |
1 |
|
|a тепловые схемы
|
| 610 |
1 |
|
|a условные обозначения
|
| 610 |
1 |
|
|a комбинированные установки
|
| 675 |
|
|
|a 621.165.002
|v 4
|
| 700 |
|
1 |
|a Манушин
|b Э. А.
|
| 801 |
|
1 |
|a RU
|b 63413507
|c 20121115
|
| 801 |
|
2 |
|a RU
|b 63413507
|c 20220713
|g RCR
|
| 942 |
|
|
|c BK
|